Score 0/20 Timer 05:00
1 Play Today
Famous Persons Born First % Correct
Elvis Presley, Elvis Costello,
Elvis Crespo?
???
77.1%
Tom Cruise, Tom Arnold,
Tom Petty?
???
69%
Michael Jackson, Michael Jordan,
Michael Strahan?
???
65.1%
Mary J. Blige, Mary Lou Retton,
Mary Chapin Carpenter?
???
61.2%
Nick Carter, Nick Lachey,
Nick Jonas?
???
60%
Kathy Ireland, Kathy Griffin,
Kathy Lee Gifford?
???
58.6%
Stephen King, Stephen Sondheim,
Stephen Stills?
???
50%
Susan Sarandon, Susan Boyle,
Susan Dey?
???
49%
Kevin Bacon, Kevin Costner,
Kevin Spacey?
???
48.6%
Brian Wilson, Brian Epstein,
Brian Doyle-Murray?
???
47.8%
Famous Persons Born First % Correct
Jim Henson, Jimi Hendrix,
Jimmy Page?
???
47.8%
John Lennon, John Cleese,
John Ritter?
???
46.8%
Joe Pesci, Joe Walsh,
Joe Piscopo?
???
42.7%
Debbie Allen, Debbie Gibson,
Debra Winger?
???
42.5%
Martin Short, Martin Scorsese,
Martin Sheen?
???
37.9%
Rachel Bilson, Rachel Weisz,
Rachael Ray?
???
37.3%
Karen Black, Karen Carpenter,
Karen Allen?
???
34.7%
Paul Rodgers, Paul McCartney,
Paul Simon?
???
31.1%
Elisabeth Shue, Elisabeth Murdoch,
Elizabeth Hurley?
???
24.2%
Ralph Nader, Ralph Lauren,
Ralph Earnhardt?
???
23.3%
Come Together.
Have Fun.
All Virtual.
We all need to come together. Play Sporcle's virtual live trivia to have fun, connect with people, and get your trivia on. Join a live hosted trivia game for your favorite pub trivia experience done virtually. If a virtual private party is more your thing, go here for details.

You're not logged in!

Compare scores with friends on all Sporcle quizzes.
OR
Log In

Sporcle TV

Today on Sporcle TV


Watch our educational content, quiz creation guides, and fun videos on Sporcle TV.

Show Comments

Extras

Top Quizzes Today


Score Distribution

Paid Content

Your Account Isn't Verified!

In order to create a playlist on Sporcle, you need to verify the email address you used during registration. Go to your Sporcle Settings to finish the process.

Report this User

Report this user for behavior that violates our Community Guidelines.

Details: